[Event "Titled Tuesday intern op 3rd Oct"]
[Site "Chess.com INT"]
[Date "2017.10.03"]
[Round "2"]
[White "Rahman, Farhadur"]
[Black "Nguyen, Tam"]
[Result "1-0"]
[WhiteElo "1965"]
[BlackElo "2116"]
[PlyCount "113"]
[EventDate "2017.10.03"]
[EventType "swiss (blitz)"]
[EventRounds "10"]
[EventCountry "USA"]
[SourceTitle "EXT 2021"]
[Source "ChessBase"]
[SourceDate "2020.10.23"]
[SourceVersion "1"]
[SourceVersionDate "2020.10.23"]
[SourceQuality "1"]

1. e4 c5 2. Nf3 g6 3. d4 cxd4 4. Nxd4 Bg7 5. Nc3 Nc6 6. Be3 Nf6 7. Be2 0-0 8. Nb3 d6 9. 0-0 Be6 10. f3 a6 11. Nd5 Re8 12. Qd2 Nd7 13. c3 Rc8 14. Rad1 Na5 15. Nd4 Nc4 16. Bxc4 Rxc4 17. Nxe6 fxe6 18. Nf4 Nf8 19. h4 Qa5 20. a3 Rec8 21. Nh3 Qe5 22. Bf4 Qc5+ 23. Kh1 b5 24. Be3 Qe5 25. Qf2 a5 26. Bd4 Qh5 27. Bxg7 Kxg7 28. g3 Qc5 29. Qd2 b4 30. axb4 axb4 31. cxb4 Qxb4 32. Qg5 Qb7 33. e5 h6 34. Qe3 d5 35. Rf2 Rc2 36. Rdd2 Qxb2 37. Nf4 Rxd2 38. Qxd2 Qxe5 39. Kg2 Qf5 40. Re2 g5 41. Nh5+ Kh7 42. g4 Qg6 43. hxg5 Qxg5 44. Qd3+ Qg6 45. Qa3 Qf7 46. Qe3 Ng6 47. Qxe6 Qxe6 48. Rxe6 Rd8 49. f4 d4 50. f5 Nh4+ 51. Kg3 d3 52. Rxe7+ Kh8 53. Nf6 Nxf5+ 54. gxf5 Rg8+ 55. Nxg8 d2 56. Nf6 d1Q 57. Rh7# 1-0

[Event "Titled Tuesday intern op 6th June"]
[Site "Chess.com INT"]
[Date "2017.06.06"]
[Round "3"]
[White "Albertini, Luca"]
[Black "Nguyen, Tam"]
[Result "1-0"]
[WhiteElo "2188"]
[BlackElo "2112"]
[PlyCount "49"]
[EventDate "2017.06.06"]
[EventType "swiss (blitz)"]
[EventRounds "10"]
[EventCountry "USA"]
[SourceTitle "EXT 2021"]
[Source "ChessBase"]
[SourceDate "2020.10.23"]
[SourceVersion "1"]
[SourceVersionDate "2020.10.23"]
[SourceQuality "1"]

1. e4 Nf6 2. e5 Nd5 3. c4 Nb6 4. d4 d6 5. exd6 exd6 6. Nc3 Be7 7. Be3 0-0 8. h3 Bg5 9. Nf3 Re8 10. Nxg5 Qxg5 11. Be2 Qxg2 12. Bf3 Qg6 13. b3 Nc6 14. Qd2 Nb4 15. 0-0-0 a5 16. Kb2 a4 17. c5 axb3 18. cxb6 bxa2 19. Rhg1 Nd3+ 20. Qxd3 a1Q+ 21. Rxa1 Qxd3 22. Rxa8 Kf8 23. bxc7 b5 24. Be2 Qe4 25. Nxe4 1-0

[Event "Titled Tuesday intern op 6th June"]
[Site "Chess.com INT"]
[Date "2017.06.06"]
[Round "8"]
[White "Nguyen, Tam"]
[Black "Foisor, Sabina Francesca"]
[Result "0-1"]
[WhiteElo "2112"]
[BlackElo "2331"]
[PlyCount "74"]
[EventDate "2017.06.06"]
[EventType "swiss (blitz)"]
[EventRounds "10"]
[EventCountry "USA"]
[SourceTitle "EXT 2021"]
[Source "ChessBase"]
[SourceDate "2020.10.23"]
[SourceVersion "1"]
[SourceVersionDate "2020.10.23"]
[SourceQuality "1"]

1. d4 d5 2. c4 e6 3. Nf3 Nf6 4. g3 Be7 5. Bg2 0-0 6. 0-0 c6 7. Qc2 b6 8. b3 Bb7 9. Nc3 Na6 10. e4 Rc8 11. e5 Ne8 12. Be3 Nec7 13. Rad1 Qe8 14. Ng5 g6 15. h4 c5 16. h5 cxd4 17. Rxd4 Nb4 18. Qb1 Nc6 19. Rh4 Nxe5 20. hxg6 Nxg6 21. Rh6 Bxg5 22. Bxg5 f6 23. Bf4 e5 24. Bd2 Qf7 25. Nxd5 Nxd5 26. cxd5 Rcd8 27. f4 Bxd5 28. Bh3 e4 29. Bf5 Rfe8 30. Bc3 Qg7 31. Rh3 e3 32. g4 e2 33. Re1 Ba8 34. g5 Qb7 35. Rh2 Qf3 36. Bxg6 Qg3+ 37. Rg2 Qxg2# 0-1

[Event "Titled Tuesday intern op 6th June"]
[Site "Chess.com INT"]
[Date "2017.06.06"]
[Round "1"]
[White "Nguyen, Tam"]
[Black "Riff, Vincent"]
[Result "0-1"]
[WhiteElo "2112"]
[BlackElo "2382"]
[PlyCount "64"]
[EventDate "2017.06.06"]
[EventType "swiss (blitz)"]
[EventRounds "10"]
[EventCountry "USA"]
[SourceTitle "EXT 2021"]
[Source "ChessBase"]
[SourceDate "2020.10.23"]
[SourceVersion "1"]
[SourceVersionDate "2020.10.23"]
[SourceQuality "1"]

1. d4 Nf6 2. c4 c5 3. Nf3 g6 4. g3 Bg7 5. Bg2 0-0 6. 0-0 d6 7. Nc3 Nc6 8. d5 Na5 9. Nd2 a6 10. Rb1 Bd7 11. a3 b5 12. cxb5 axb5 13. b4 cxb4 14. Rxb4 Rb8 15. Nb3 Nc4 16. Nd4 Ng4 17. Ncxb5 Na5 18. Nc6 Bxc6 19. dxc6 Qc8 20. c7 Rxb5 21. Rxb5 Qxc7 22. Qa4 Nc4 23. Rb4 Rc8 24. Bh3 h5 25. Bg5 Nce5 26. Rc1 Qd8 27. Rxc8 Qxc8 28. f3 Qc5+ 29. Rd4 Nxf3+ 30. exf3 Bxd4+ 31. Kf1 Nf6 32. Qa8+ Kg7 0-1

[Event "Titled Tuesday intern op 6th June"]
[Site "Chess.com INT"]
[Date "2017.06.06"]
[Round "2"]
[White "Walentukiewicz, Michal"]
[Black "Nguyen, Tam"]
[Result "1-0"]
[WhiteElo "2023"]
[BlackElo "2112"]
[PlyCount "117"]
[EventDate "2017.06.06"]
[EventType "swiss (blitz)"]
[EventRounds "10"]
[EventCountry "USA"]
[SourceTitle "EXT 2021"]
[Source "ChessBase"]
[SourceDate "2020.10.23"]
[SourceVersion "1"]
[SourceVersionDate "2020.10.23"]
[SourceQuality "1"]

1. g3 g6 2. Bg2 Bg7 3. Nf3 Nf6 4. 0-0 0-0 5. c4 c5 6. d4 Na6 7. Nc3 d6 8. d5 e6 9. e4 exd5 10. cxd5 Re8 11. Nd2 Ng4 12. h3 Ne5 13. f4 Nd7 14. Nc4 Nb6 15. Nxb6 Qxb6 16. Kh2 Bd7 17. a3 c4 18. Qe2 Nc5 19. Be3 Qc7 20. Qxc4 Rac8 21. Rac1 Bxc3 22. Rxc3 b5 23. Qd4 Qb6 24. f5 Nxe4 25. Rxc8 Bxc8 26. Qxb6 axb6 27. fxg6 hxg6 28. Bxb6 Nd2 29. Rf6 Nc4 30. Bd4 Re2 31. b3 Nxa3 32. Rxd6 Re8 33. Bf6 Nc2 34. Rb6 Ne1 35. Bf1 Bd7 36. Bxb5 Nf3+ 37. Kg2 Ne1+ 38. Kf1 Bxh3+ 39. Kf2 Rc8 40. Kxe1 g5 41. Bxg5 Kg7 42. Bc4 Re8+ 43. Kd2 Re4 44. Bf6+ Kh6 45. d6 Bd7 46. Bxf7 Rg4 47. Be5 Re4 48. Bf4+ Kg7 49. Bc4 Rd4+ 50. Kc3 Rd1 51. Rb7 Kf6 52. Rxd7 Rc1+ 53. Kb4 Rd1 54. Rf7+ Kg6 55. d7 Rd5 56. Bxd5 Kh5 57. d8Q Kg4 58. Qg5+ Kh3 59. Rh7# 1-0